Statistics for County Seats Of Ohio

Click here to take the quiz!

General Stats

  • This quiz has been taken 25 times
  • The average score is 48 of 88

Answer Stats

CountySeat% Correct
SummitAkron
100%
HamiltonCincinnati
100%
CuyahogaCleveland
100%
MontgomeryDayton
100%
ErieSandusky
100%
LucasToledo
100%
MahoningYoungstown
100%
FranklinColumbus
92%
AllenLima
83%
MuskingumZanesville
83%
StarkCanton
75%
LorainElyria
75%
ClarkSpringfield
75%
JeffersonSteubenville
75%
WoodBowling Green
67%
HancockFindlay
67%
RichlandMansfield
67%
___ ____Van Wert
67%
_______Ashland
58%
______Athens
58%
GuernseyCambridge
58%
________Defiance
58%
ButlerHamilton
58%
_______Jackson
58%
WashingtonMarietta
58%
______Marion
58%
______Medina
58%
SciotoPortsmouth
58%
TrumbullWarren
58%
WayneWooster
58%
GreeneXenia
58%
LoganBellefontaine
50%
CrawfordBucyrus
50%
RossChillicothe
50%
PickawayCircleville
50%
_________Coshocton
50%
________Delaware
50%
SanduskyFremont
50%
DarkeGreenville
50%
FairfieldLancaster
50%
WarrenLebanon
50%
HockingLogan
50%
MadisonLondon
50%
UnionMarysville
50%
VintonMcArthur
50%
HolmesMillersburg
50%
KnoxMount Vernon
50%
HenryNapoleon
50%
LickingNewark
50%
TuscarawasNew Philadelphia
50%
PutnamOttawa
50%
________Paulding
50%
OttawaPort Clinton
50%
PortageRavenna
50%
ShelbySidney
50%
BelmontSt. Clairsville
50%
WyandotUpper Sandusky
50%
ChampaignUrbana
50%
FayetteWashington Court House
50%
WilliamsBryan
42%
HarrisonCadiz
42%
CarrollCarrollton
42%
MercerCelina
42%
GeaugaChardon
42%
LawrenceIronton
42%
AshtabulaJefferson
42%
HardinKenton
42%
MorrowMount Gilead
42%
PerryNew Lexington
42%
LakePainesville
42%
SenecaTiffin
42%
MiamiTroy
42%
ClintonWilmington
42%
ClermontBatavia
33%
NobleCaldwell
33%
PrebleEaton
33%
GalliaGallipolis
33%
BrownGeorgetown
33%
HighlandHillsboro
33%
ColumbianaLisbon
33%
MorganMcConnelsville
33%
HuronNorwalk
33%
MeigsPomeroy
33%
AuglaizeWapakoneta
33%
FultonWauseon
33%
PikeWaverly
33%
AdamsWest Union
33%
MonroeWoodsfield
33%

Score Distribution

Percentile by Number Answered

Percent of People with Each Score

Your Score History

You have not taken this quiz